Statistics for All United States Republican Presidents

Click here to take the quiz!

General Stats

  • This quiz has been taken 21 times
  • The average score is 15 of 19

Answer Stats

NumberAnswer% Correct
45Donald Trump
100%
16Abraham Lincoln
95%
41George H.W. Bush
95%
43George W. Bush
95%
37Richard Nixon
95%
40Ronald Reagan
95%
38Gerald Ford
90%
31Herbert Hoover
90%
26Theodore Roosevelt
85%
34Dwight Eisenhower
80%
18Ulysses Grant
80%
27William Taft
80%
19Rutherford Hayes
70%
30Calvin Coolidge
65%
20James Garfield
65%
25William McKinley
65%
29Warren Harding
60%
23Benjamin Harrison
55%
21Chester Arthur
55%

Score Distribution

Percentile by Number Answered

Percent of People with Each Score

Your Score History

You have not taken this quiz